[Event "USA ch 2008 femenino"]
[Site "Tulsa USA"]
[Date "2008.05.13"]
[Round "1.1"]
[White "Airapetian, Chouchanik"]
[Black "Jamison, Courtney"]
[Result "1-0"]
[WhiteElo "2092"]
[BlackElo "1979"]
[PlyCount "135"]
[EventDate "2008.05.13"]
[EventType "tourn"]
[EventRounds "9"]
[EventCountry "USA"]
[Source "lmi"]
[SourceDate "2008.05.13"]

1. e4 c6 2. d4 d5 3. exd5 cxd5 4. Bd3 Nc6 5. c3 Qc7 6. Bg5 g6 7. Nd2 Bf5 8.
Bxf5 gxf5 9. Qf3 Qd7 10. Ne2 O-O-O 11. O-O f6 12. Bh4 Re8 13. c4 dxc4 14. Nxc4
e5 15. dxe5 fxe5 16. Rfd1 Qe6 17. Rac1 Kb8 18. Qc3 Bb4 19. Qb3 Nh6 20. Qa4 Rhg8
21. Bg3 Rg4 22. Nxe5 Nxe5 23. Qb5 Rxg3 24. hxg3 Nc6 25. Nf4 Qe5 26. Qxe5+ Rxe5
27. Nd3 Rd5 28. a3 Be7 29. b4 a6 30. Kf1 Ng4 31. Nf4 Rxd1+ 32. Rxd1 Nge5 33.
Nd5 Ng6 34. f4 Kc8 35. Ke2 Bf8 36. Kd3 b5 37. Rh1 h6 38. Ne3 a5 39. bxa5 Bxa3
40. Rb1 b4 41. a6 Nge7 42. Kc4 Kb8 43. Nc2 Ka7 44. Kb5 Nb8 45. Nxb4 Bxb4 46.
Rxb4 Nd5 47. Rb3 Nxa6 48. Ra3 Kb7 49. Rd3 Nac7+ 50. Kc5 Nf6 51. Kd6 h5 52. Ke5
Nce8 53. Kxf5 Kc7 54. Ke6 Ng4 55. Rd7+ Kc6 56. Rh7 Nef6 57. Rh8 Kc5 58. Rd8 Kc4
59. Kf5 Nd5 60. Rh8 Nde3+ 61. Kg5 Nxg2 62. Rxh5 N2e3 63. Rh4 Nf2 64. f5+ Kd5
65. f6 Nd3 66. f7 Nc5 67. Kf6 Kd6 68. f8=Q+ 1-0

[Event "USA ch 2008 femenino"]
[Site "Tulsa USA"]
[Date "2008.05.13"]
[Round "1.2"]
[White "Zatonskih, Anna"]
[Black "Zenyuk, Iryna"]
[Result "1-0"]
[WhiteElo "2458"]
[BlackElo "2233"]
[PlyCount "121"]
[EventDate "2008.05.13"]
[EventType "tourn"]
[EventRounds "9"]
[EventCountry "USA"]
[Source "lmi"]
[SourceDate "2008.05.13"]

1. e4 c5 2. Nf3 e6 3. d4 cxd4 4. Nxd4 a6 5. c4 Nf6 6. Nc3 Qc7 7. Be3 b6 8. Bd3
Bb7 9. Rc1 d6 10. O-O Be7 11. f4 Nbd7 12. b4 Rc8 13. f5 e5 14. Nb3 Qb8 15. a3
h5 16. h3 h4 17. Re1 Nh5 18. Nd5 Ng3 19. Nd2 Bd8 20. Qf3 O-O 21. Qg4 Bxd5 22.
cxd5 b5 23. Bh6 Bf6 24. Nf3 Qb6+ 25. Kh2 Rxc1 26. Rxc1 Qf2 27. Rc6 Kh7 28. Bd2
Nb8 29. Rxd6 Be7 30. f6 Nf1+ 31. Bxf1 Qg3+ 32. Qxg3 hxg3+ 33. Kxg3 Bxd6 34.
fxg7 Rg8 35. Nh4 Rxg7+ 36. Kf3 Nd7 37. Nf5 Rg6 38. Be3 Bc7 39. g4 Bb6 40. Bd2
f6 41. h4 Rg8 42. Bh3 Rc8 43. g5 Rc2 44. Ke2 fxg5 45. hxg5 Bd8 46. Ne3 Rc7 47.
Bf5+ Kg7 48. Ng4 Kg8 49. Kd3 Nb6 50. Nxe5 Nc4 51. Nxc4 bxc4+ 52. Kc2 Ra7 53.
Kc3 a5 54. Kxc4 axb4 55. axb4 Ra2 56. Kc3 Ra3+ 57. Kb2 Rg3 58. b5 Bxg5 59. Bxg5
Rxg5 60. Kc3 Rg7 61. Kd4 1-0

[Event "USA ch 2008 femenino"]
[Site "Tulsa USA"]
[Date "2008.05.13"]
[Round "1.3"]
[White "Rohonyan, Katerina"]
[Black "Battsetseg, Tsagaan"]
[Result "1/2-1/2"]
[WhiteElo "2309"]
[BlackElo "2254"]
[PlyCount "120"]
[EventDate "2008.05.13"]
[EventType "tourn"]
[EventRounds "9"]
[EventCountry "USA"]
[Source "lmi"]
[SourceDate "2008.05.13"]

1. d4 Nf6 2. c4 g6 3. Nc3 Bg7 4. e4 d6 5. Be2 O-O 6. Bg5 c5 7. d5 a6 8. a4 e6
9. Qd2 Qa5 10. Ra3 Re8 11. Nf3 exd5 12. exd5 Bg4 13. O-O Qb4 14. Rb1 Nbd7 15.
Qc2 Bf5 16. Bd3 Bxd3 17. Qxd3 Ng4 18. Na2 Qb6 19. a5 Qc7 20. h3 Nge5 21. Nxe5
Nxe5 22. Qc2 f5 23. Nc1 Nf7 24. Bd2 Re4 25. Nd3 Ne5 26. Nxe5 Bxe5 27. Re1 Rxe1+
28. Bxe1 Qg7 29. Bc3 Re8 30. Rb3 Re7 31. Qd2 Qf6 32. Rb6 f4 33. Rb3 Kg7 34. Kf1
Qf5 35. Bxe5+ Qxe5 36. Rd3 g5 37. g3 Qe4 38. Qc3+ Kg6 39. Rf3 Qe2+ 40. Kg2 Qe4
41. Qh8 h5 42. g4 hxg4 43. hxg4 Rh7 44. Qg8+ Rg7 45. Qf8 Rd7 46. Qg8+ Kf6 47.
Qc8 Qe7 48. Qh8+ Qg7 49. Qh1 Qh7 50. Qe1 Re7 51. Qc3+ Re5 52. Rh3 Qe4+ 53. Kh2
Qe2 54. Rf3 Kg6 55. Kg2 Re3 56. Rxe3 fxe3 57. Qxe3 Qxg4+ 58. Qg3 Qe4+ 59. Kg1
Qe1+ 60. Kg2 Qe4+ 1/2-1/2

[Event "USA ch 2008 femenino"]
[Site "Tulsa USA"]
[Date "2008.05.13"]
[Round "1.4"]
[White "Abrahamyan, Tatev"]
[Black "Krush, Irina"]
[Result "0-1"]
[WhiteElo "2239"]
[BlackElo "2479"]
[PlyCount "69"]
[EventDate "2008.05.13"]
[EventType "tourn"]
[EventRounds "9"]
[EventCountry "USA"]
[Source "lmi"]
[SourceDate "2008.05.13"]

1. e4 c5 2. Nf3 a6 3. Nc3 e6 4. d4 cxd4 5. Nxd4 Qc7 6. Be3 Bb4 7. Nb3 Nf6 8. a3
Bxc3+ 9. bxc3 d6 10. Bd3 Qxc3+ 11. Nd2 O-O 12. O-O Qc7 13. f4 Nbd7 14. c4 b6
15. Qf3 Bb7 16. Rae1 Rac8 17. g4 d5 18. cxd5 exd5 19. e5 d4 20. Qh3 dxe3 21.
exf6 Nxf6 22. Rxe3 g6 23. f5 Qc5 24. Nb3 Qd5 25. g5 Nh5 26. Be4 Qd7 27. Rd3 Qe7
28. Bxb7 Qxb7 29. fxg6 hxg6 30. Rd7 Rc7 31. Rd6 Re7 32. Nd4 Qe4 33. Nf5 Re5 34.
Rd4 Qc6 35. Nh6+ 0-1

[Event "USA ch 2008 femenino"]
[Site "Tulsa USA"]
[Date "2008.05.13"]
[Round "1.5"]
[White "Epstein, Esther"]
[Black "Tuvshintugs, Batchimeg"]
[Result "0-1"]
[WhiteElo "2184"]
[BlackElo "2278"]
[PlyCount "74"]
[EventDate "2008.05.13"]
[EventType "tourn"]
[EventRounds "9"]
[EventCountry "USA"]
[Source "lmi"]
[SourceDate "2008.05.13"]

1. e4 e5 2. Nf3 Nc6 3. c3 Nf6 4. d4 Nxe4 5. d5 Bc5 6. dxc6 Bxf2+ 7. Ke2 Bb6 8.
Qd5 Nf2 9. Bg5 f6 10. Nxe5 Qe7 11. cxd7+ Bxd7 12. Qxd7+ Qxd7 13. Nxd7 Kxd7 14.
Be3 Rae8 15. Kxf2 Rxe3 16. g3 Rxc3+ 17. Ke2 Rc2+ 18. Kd3 Rxb2 19. Bh3+ Ke7 20.
Re1+ Kf7 21. Be6+ Kg6 22. Nc3 Rd8+ 23. Nd5 Rb5 24. Ke4 Re8 25. Kf3 Ba5 26. Reb1
Rc5 27. Rxb7 Kh6 28. Bd7 Rd8 29. Be6 Re8 30. Bd7 Re5 31. Nf4 Rc3+ 32. Kg4 g5
33. Rxa7 gxf4 34. gxf4 Rh5 35. Rh1 Bb6 36. Ra8 Rch3 37. Rf8 f5+ 0-1

[Event "USA ch 2008 femenino"]
[Site "Tulsa USA"]
[Date "2008.05.14"]
[Round "2.1"]
[White "Jamison, Courtney"]
[Black "Tuvshintugs, Batchimeg"]
[Result "0-1"]
[WhiteElo "1979"]
[BlackElo "2278"]
[PlyCount "82"]
[EventDate "2008.05.13"]
[EventType "tourn"]
[EventRounds "9"]
[EventCountry "USA"]
[Source "lmi"]
[SourceDate "2008.05.13"]

1. e4 e5 2. Nf3 Nc6 3. Bb5 a6 4. Ba4 Nf6 5. O-O Be7 6. Re1 b5 7. Bb3 d6 8. c3
O-O 9. h3 Bb7 10. d3 Na5 11. Bc2 c5 12. Nbd2 Nd7 13. Nf1 Bf6 14. Ne3 g6 15. d4
exd4 16. cxd4 cxd4 17. Nxd4 Rc8 18. Ng4 Bg7 19. Bh6 Ne5 20. Bxg7 Kxg7 21. Ne3
Qf6 22. Rb1 Nac4 23. Nxc4 Rxc4 24. Nb3 Rfc8 25. Bd3 Nxd3 26. Qxd3 Re8 27. f3 d5
28. exd5 Rd8 29. Qe3 Bxd5 30. Re2 Rcc8 31. Rd2 Re8 32. Qd4 Bxb3 33. axb3 Qxd4+
34. Rxd4 Re2 35. Ra1 h5 36. Rd5 Rcc2 37. Rg5 Rxb2 38. Rxa6 Rxb3 39. Rb6 b4 40.
Rbb5 f6 41. Rg3 Rb1+ 0-1

[Event "USA ch 2008 femenino"]
[Site "Tulsa USA"]
[Date "2008.05.14"]
[Round "2.2"]
[White "Krush, Irina"]
[Black "Epstein, Esther"]
[Result "1-0"]
[WhiteElo "2479"]
[BlackElo "2184"]
[PlyCount "59"]
[EventDate "2008.05.13"]
[EventType "tourn"]
[EventRounds "9"]
[EventCountry "USA"]
[Source "lmi"]
[SourceDate "2008.05.13"]

1. d4 Nf6 2. c4 e6 3. Nc3 Bb4 4. Qc2 c5 5. dxc5 O-O 6. a3 Bxc5 7. Nf3 b6 8. Bf4
Nh5 9. Bg5 Be7 10. h4 Bb7 11. e4 h6 12. Be3 f5 13. exf5 Bxf3 14. gxf3 Rxf5 15.
O-O-O Nf4 16. Qe4 Na6 17. Bxf4 Nc5 18. Qe3 Qf8 19. Bg3 Rxf3 20. Qe2 Rc8 21. Bg2
Rf5 22. Kb1 Kh8 23. Rd2 d5 24. cxd5 Nb3 25. Rd3 Bc5 26. dxe6 Nd4 27. Qe4 Rxf2
28. e7 Bxe7 29. Bxf2 Qxf2 30. Qxd4 1-0

[Event "USA ch 2008 femenino"]
[Site "Tulsa USA"]
[Date "2008.05.14"]
[Round "2.3"]
[White "Battsetseg, Tsagaan"]
[Black "Abrahamyan, Tatev"]
[Result "0-1"]
[WhiteElo "2254"]
[BlackElo "2239"]
[PlyCount "68"]
[EventDate "2008.05.13"]
[EventType "tourn"]
[EventRounds "9"]
[EventCountry "USA"]
[Source "lmi"]
[SourceDate "2008.05.13"]

1. e4 c5 2. Nf3 d6 3. d4 cxd4 4. Nxd4 Nf6 5. Nc3 a6 6. Be3 e5 7. Nb3 Be6 8. Be2
Be7 9. O-O O-O 10. f4 exf4 11. Bxf4 Nc6 12. Kh1 Re8 13. Nd4 Ne5 14. a4 Rc8 15.
Qb1 Qb6 16. Nxe6 fxe6 17. Qa2 Bf8 18. Qb3 Qc7 19. Rad1 Nfd7 20. Rd2 g6 21. h3
Bg7 22. Rfd1 Nc5 23. Qa2 Rf8 24. Be3 Nf7 25. Bxc5 Qxc5 26. Qxe6 Bxc3 27. bxc3
Qxc3 28. Rxd6 Qxc2 29. R6d2 Qxa4 30. Rd7 Qc2 31. Bg4 Rce8 32. Qf6 Qxe4 33. Bf3
Qe5 34. Qb6 Re7 0-1

[Event "USA ch 2008 femenino"]
[Site "Tulsa USA"]
[Date "2008.05.14"]
[Round "2.4"]
[White "Zenyuk, Iryna"]
[Black "Rohonyan, Katerina"]
[Result "0-1"]
[WhiteElo "2233"]
[BlackElo "2309"]
[PlyCount "107"]
[EventDate "2008.05.13"]
[EventType "tourn"]
[EventRounds "9"]
[EventCountry "USA"]
[Source "lmi"]
[SourceDate "2008.05.13"]

1. d4 Nf6 2. Nf3 g6 3. c4 c5 4. d5 b5 5. cxb5 a6 6. b6 d6 7. Nc3 Nbd7 8. e4 Bg7
9. Be2 O-O 10. O-O Rb8 11. a4 Nxb6 12. a5 Na8 13. Nd2 Nc7 14. f4 e6 15. Bf3
exd5 16. exd5 Rb4 17. Ra4 Bd7 18. Rxb4 cxb4 19. Nce4 Ncxd5 20. Nc4 Nxe4 21.
Qxd5 Be6 22. Qxe4 d5 23. Qe1 dxc4 24. Qxb4 Qd4+ 25. Kh1 Rd8 26. Qb6 Qd3 27. Be2
Qd6 28. Qxd6 Rxd6 29. h3 Rd8 30. Bf3 Rb8 31. Rf2 Rb5 32. Rd2 Bf6 33. Rc2 Rxa5
34. Be2 Ra1 35. Kh2 Rb1 36. g4 c3 37. bxc3 Bd5 38. Bd3 Bh4 39. c4 Bc6 40. c5 a5
41. g5 a4 42. Rc4 Ra1 43. f5 a3 44. Be4 a2 45. Bb2 Rb1 46. Rb4 f6 47. Rb8+ Kf7
48. fxg6+ hxg6 49. Bxc6 Rxb2+ 50. Rxb2 a1=Q 51. Bd5+ Ke7 52. Re2+ Kd8 53. gxf6
Qf1 54. Ra2 0-1

[Event "USA ch 2008 femenino"]
[Site "Tulsa USA"]
[Date "2008.05.14"]
[Round "2.5"]
[White "Airapetian, Chouchanik"]
[Black "Zatonskih, Anna"]
[Result "0-1"]
[WhiteElo "2092"]
[BlackElo "2458"]
[PlyCount "160"]
[EventDate "2008.05.13"]
[EventType "tourn"]
[EventRounds "9"]
[EventCountry "USA"]
[Source "lmi"]
[SourceDate "2008.05.13"]

1. e4 c6 2. d4 d5 3. exd5 cxd5 4. Bd3 Nc6 5. c3 Qc7 6. Bg5 Nf6 7. h3 Ne4 8. Be3
Bf5 9. Ne2 e6 10. O-O Nd6 11. Bf4 Bxd3 12. Qxd3 Be7 13. Nd2 O-O 14. Rae1 Qb6
15. b3 Rfd8 16. Bh2 Rac8 17. Kh1 a5 18. a4 Na7 19. Be5 Qc6 20. Qg3 Nf5 21. Qf3
Bg5 22. Bf4 Bf6 23. g4 Nd6 24. g5 Be7 25. Bxd6 Bxd6 26. Rg1 e5 27. dxe5 Bxe5
28. c4 d4 29. Qxc6 Nxc6 30. f4 Bd6 31. Ne4 d3 32. Nxd6 Rxd6 33. Nc3 d2 34. Re3
Rd4 35. Rd1 Rcd8 36. Nd5 Nb4 37. Nxb4 axb4 38. Re2 g6 39. Kg2 Rd3 40. h4 Kf8
41. Kf2 R8d4 42. Re3 Rxf4+ 43. Ke2 Rxe3+ 44. Kxe3 Rxh4 45. Rxd2 Rh3+ 46. Ke4
Rxb3 47. Rd7 Rg3 48. Rxb7 Rxg5 49. Rxb4 h5 50. Rb1 Ra5 51. Ra1 h4 52. c5 Rxc5
53. a5 Rc8 54. a6 h3 55. Kf3 Ke7 56. Kg3 Rh8 57. Kh2 Ra8 58. Kxh3 Kd7 59. Kg4
Kc7 60. Kg5 Kb6 61. Rf1 Ra7 62. Rf6+ Kc5 63. Kf4 Kd5 64. Rb6 Rc7 65. Rb7 Rc4+
66. Kf3 Ke6 67. Rb6+ Ke7 68. Rb7+ Kf6 69. Rb6+ Kg7 70. a7 Ra4 71. Rb7 g5 72.
Kg3 Kg6 73. Rc7 Ra3+ 74. Kg2 f5 75. Kf2 f4 76. Rb7 Kf5 77. Rg7 Ra2+ 78. Ke1 g4
79. Kd1 g3 80. Ke1 Ke4 0-1

[Event "USA ch 2008 femenino"]
[Site "Tulsa USA"]
[Date "2008.05.15"]
[Round "3.1"]
[White "Zatonskih, Anna"]
[Black "Jamison, Courtney"]
[Result "1-0"]
[WhiteElo "2458"]
[BlackElo "1979"]
[PlyCount "81"]
[EventDate "2008.05.13"]
[EventType "tourn"]
[EventRounds "9"]
[EventCountry "USA"]
[Source "lmi"]
[SourceDate "2008.05.13"]

1. e4 c5 2. g3 Nc6 3. Bg2 d6 4. d3 g6 5. f4 Bg7 6. Nf3 e6 7. O-O Nge7 8. c3 O-O
9. Be3 Qc7 10. a4 b6 11. Na3 a6 12. d4 Bb7 13. Bf2 Rad8 14. Rc1 Qb8 15. Re1 h6
16. d5 exd5 17. exd5 Nxd5 18. Qxd5 Nd4 19. Qxb7 Qxb7 20. cxd4 Qd7 21. b3 Rfe8
22. Red1 Qa7 23. Rc2 Rd7 24. Nb1 Rde7 25. Nc3 Kh7 26. h4 Qb8 27. Rdd2 Bh8 28.
Kh2 Bg7 29. a5 bxa5 30. dxc5 Qxb3 31. Nd5 Re4 32. cxd6 Rc4 33. Rxc4 Qxc4 34.
Ne5 Qc1 35. Re2 Qa3 36. d7 Rd8 37. Bb6 Qf8 38. Bxd8 Qxd8 39. Rc2 Bxe5 40. fxe5
Kg7 41. Nf6 1-0

[Event "USA ch 2008 femenino"]
[Site "Tulsa USA"]
[Date "2008.05.15"]
[Round "3.2"]
[White "Rohonyan, Katerina"]
[Black "Airapetian, Chouchanik"]
[Result "1-0"]
[WhiteElo "2309"]
[BlackElo "2092"]
[PlyCount "97"]
[EventDate "2008.05.13"]
[EventType "tourn"]
[EventRounds "9"]
[EventCountry "USA"]
[Source "lmi"]
[SourceDate "2008.05.13"]

1. c4 Nf6 2. Nc3 g6 3. d4 Bg7 4. e4 d6 5. Be2 O-O 6. Bg5 c5 7. d5 Qb6 8. Qd2 h6
9. Bf4 e6 10. Nf3 e5 11. Bg3 Nh5 12. Nh4 Nf4 13. O-O Nxe2+ 14. Qxe2 Nd7 15. f3
Nf6 16. Bf2 Nh5 17. g3 Bf6 18. Ng2 Bg5 19. a3 a5 20. b4 axb4 21. axb4 Rxa1 22.
Rxa1 Qxb4 23. Nb5 Bd7 24. Be1 Qb3 25. Ra3 Qb1 26. Nxd6 Be7 27. Nb5 Bxb5 28.
cxb5 c4 29. Rc3 Rc8 30. Rxc4 Bc5+ 31. Kf1 Qxb5 32. Rc1 Qd7 33. Bf2 Qh3 34. Rxc5
Rxc5 35. Bxc5 Qxh2 36. Qf2 Nxg3+ 37. Ke1 h5 38. Qg1 Qh3 39. Bf2 Nh1 40. Ke2 g5
41. Ne3 f6 42. Be1 b5 43. Qg2 Qxg2+ 44. Nxg2 h4 45. Nxh4 gxh4 46. Bxh4 Kf7 47.
Kd3 Kg6 48. Kc3 f5 49. d6 1-0

[Event "USA ch 2008 femenino"]
[Site "Tulsa USA"]
[Date "2008.05.15"]
[Round "3.3"]
[White "Abrahamyan, Tatev"]
[Black "Zenyuk, Iryna"]
[Result "1-0"]
[WhiteElo "2239"]
[BlackElo "2233"]
[PlyCount "67"]
[EventDate "2008.05.13"]
[EventType "tourn"]
[EventRounds "9"]
[EventCountry "USA"]
[Source "lmi"]
[SourceDate "2008.05.13"]

1. e4 c5 2. Nf3 e6 3. d4 cxd4 4. Nxd4 a6 5. Nc3 Qc7 6. Qf3 Nc6 7. Nxc6 dxc6 8.
Be3 Nf6 9. O-O-O Bd6 10. Na4 Nd7 11. Qg4 b5 12. Nb6 Nxb6 13. Qxg7 Rf8 14. Bxb6
Qxb6 15. Rxd6 Qxf2 16. Qg5 Bd7 17. Rd2 Qe1+ 18. Rd1 Qxe4 19. Kb1 f6 20. Qh5+
Qg6 21. Qc5 Qf7 22. Be2 e5 23. Rd6 O-O-O 24. Bf3 Qc4 25. Qb6 e4 26. b3 Qb4 27.
Rxc6+ Bxc6 28. Qxc6+ Kb8 29. Bxe4 Qe7 30. Qb6+ Kc8 31. Bf5+ Rd7 32. Rd1 Rfd8
33. Qc6+ Kb8 34. Bxd7 1-0

[Event "USA ch 2008 femenino"]
[Site "Tulsa USA"]
[Date "2008.05.15"]
[Round "3.4"]
[White "Epstein, Esther"]
[Black "Battsetseg, Tsagaan"]
[Result "1/2-1/2"]
[WhiteElo "2184"]
[BlackElo "2254"]
[PlyCount "159"]
[EventDate "2008.05.13"]
[EventType "tourn"]
[EventRounds "9"]
[EventCountry "USA"]
[Source "lmi"]
[SourceDate "2008.05.13"]

1. e4 c5 2. Nf3 g6 3. d4 cxd4 4. Qxd4 Nf6 5. e5 Nc6 6. Qa4 Nd5 7. c4 Nc7 8. Bd2
Bg7 9. Bc3 a6 10. Qc2 Ne6 11. Nbd2 Qc7 12. Qe4 O-O 13. Qe3 Qb8 14. c5 Nc7 15.
Nc4 Nd5 16. Qe4 Nxc3 17. bxc3 d5 18. Qxd5 Rd8 19. Qe4 Bf5 20. Qe3 Qc7 21. Be2
Bg4 22. O-O Bxf3 23. Bxf3 Nxe5 24. Nxe5 Bxe5 25. g3 Rab8 26. Rfe1 Bf6 27. Rab1
Rdc8 28. Rb3 Qxc5 29. Bxb7 Rc7 30. Qxc5 Rxc5 31. Bxa6 Ra8 32. Bb5 Rf5 33. c4
Rxa2 34. f3 Rh5 35. h4 g5 36. Re4 gxh4 37. gxh4 Bxh4 38. Rg4+ Kf8 39. Bc6 Bf2+
40. Kg2 Bc5+ 41. Kg3 Bd6+ 42. f4 f5 43. Rh4 Rxh4 44. Kxh4 Bxf4 45. Bd7 Rh2+ 46.
Rh3 Bg5+ 47. Kg3 Bf4+ 48. Kh4 Rf2 49. Bxf5 h6 50. Be6 Kg7 51. Kg4 Bd6 52. Bd5
Rf6 53. Rf3 Rg6+ 54. Kh3 e6 55. Be4 Rg5 56. Rd3 Bf4 57. Rf3 Bc7 58. Rf1 Re5 59.
Bb1 Re3+ 60. Kh4 Rc3 61. Rg1+ Kf7 62. Rf1+ Kg7 63. Rg1+ Kf6 64. Rg6+ Ke5 65.
Kh5 Rh3+ 66. Kg4 Rh1 67. Bc2 Rc1 68. Bd3 Kd4 69. Be2 Rg1+ 70. Kh5 Rh1+ 71. Kg4
h5+ 72. Kf3 e5 73. Kg2 Rc1 74. Rc6 Rc2 75. Kf1 Bb8 76. Bxh5 e4 77. Rc8 Bh2 78.
Bg6 Ke3 79. Re8 Rxc4 80. Rxe4+ 1/2-1/2

[Event "USA ch 2008 femenino"]
[Site "Tulsa USA"]
[Date "2008.05.16"]
[Round "4.2"]
[White "Battsetseg, Tsagaan"]
[Black "Tuvshintugs, Batchimeg"]
[Result "1-0"]
[WhiteElo "2254"]
[BlackElo "2278"]
[PlyCount "169"]
[EventDate "2008.05.13"]
[EventType "tourn"]
[EventRounds "9"]
[EventCountry "USA"]
[Source "lmi"]
[SourceDate "2008.05.13"]

1. e4 e5 2. Nf3 Nc6 3. Bc4 Nf6 4. d3 Be7 5. Bb3 O-O 6. O-O d6 7. c3 Na5 8. Bc2
c5 9. a3 Qc7 10. b4 Nc6 11. Nbd2 b5 12. Bb2 a5 13. bxa5 Nxa5 14. d4 Bg4 15. h3
Bxf3 16. Nxf3 Nc4 17. Bc1 cxd4 18. cxd4 Nd7 19. Rb1 Qc6 20. Bd3 Bf6 21. d5 Qc5
22. Ne1 Nxa3 23. Bxa3 Qxa3 24. Rb3 Qa7 25. Rxb5 Bd8 26. Bc2 Bb6 27. Rb3 Bd4 28.
Rg3 Nf6 29. Nf3 Bc5 30. Qd2 Nh5 31. Rg4 Nf4 32. g3 h5 33. Rh4 Qa3 34. Bd1 g5
35. gxf4 gxh4 36. fxe5 Kh7 37. Qf4 Rg8+ 38. Kh2 Rg7 39. Qf5+ Kg8 40. e6 Qa7 41.
Ng5 Qe7 42. exf7+ Rxf7 43. Nxf7 Qxf7 44. Qg5+ Qg7 45. Qxh4 Rf8 46. Bxh5 Qh6 47.
Qg3+ Kh8 48. Qc3+ Kh7 49. Bg4 Qf4+ 50. Qg3 Bxf2 51. Qxf4 Rxf4 52. Bf5+ Kg7 53.
Kg2 Be3 54. Re1 Bd4 55. Rc1 Be5 56. Rc7+ Kf6 57. Rc8 Rh4 58. Re8 Rh6 59. Re6+
Kg5 60. Re8 Kf4 61. Kf2 Bd4+ 62. Ke2 Rf6 63. Kd3 Be5 64. Rg8 Rh6 65. Ke2 Bb2
66. Kd3 Be5 67. Kc4 Rh8 68. Rg6 Rf8 69. Kb5 Rf6 70. Rg8 Rh6 71. Kc6 Rf6 72. Kd7
Rf7+ 73. Ke6 Rf6+ 74. Ke7 Rh6 75. Re8 Rf6 76. Kd7 Rf7+ 77. Kc6 Ra7 78. h4 Ra6+
79. Kd7 Ra7+ 80. Ke6 Ra6 81. Rg8 Ra2 82. h5 Rh2 83. Bg6 Kg5 84. Rf8 Rh4 85.
Rf5+ 1-0

[Event "USA ch 2008 femenino"]
[Site "Tulsa USA"]
[Date "2008.05.16"]
[Round "4.3"]
[White "Zenyuk, Iryna"]
[Black "Epstein, Esther"]
[Result "1-0"]
[WhiteElo "2233"]
[BlackElo "2184"]
[PlyCount "55"]
[EventDate "2008.05.13"]
[EventType "tourn"]
[EventRounds "9"]
[EventCountry "USA"]
[Source "lmi"]
[SourceDate "2008.05.13"]

1. d4 Nf6 2. Nf3 e6 3. c4 c5 4. d5 b5 5. dxe6 fxe6 6. cxb5 d5 7. g3 a6 8. bxa6
Bd6 9. Bg2 O-O 10. O-O Nc6 11. Nbd2 Bxa6 12. Re1 Qc7 13. b3 Rad8 14. Bb2 Ng4
15. h3 Nxf2 16. Kxf2 Bxg3+ 17. Kg1 e5 18. Rf1 e4 19. Ng5 Qe7 20. Rxf8+ Rxf8 21.
Ndxe4 dxe4 22. Qd5+ Kh8 23. Nxe4 Nb4 24. Qh5 Bf4 25. Kh1 Bb7 26. Qxc5 Qf7 27.
Qxb4 Re8 28. Rf1 1-0

[Event "USA ch 2008 femenino"]
[Site "Tulsa USA"]
[Date "2008.05.16"]
[Round "4.4"]
[White "Airapetian, Chouchanik"]
[Black "Abrahamyan, Tatev"]
[Result "0-1"]
[WhiteElo "2092"]
[BlackElo "2239"]
[PlyCount "80"]
[EventDate "2008.05.13"]
[EventType "tourn"]
[EventRounds "9"]
[EventCountry "USA"]
[Source "lmi"]
[SourceDate "2008.05.13"]

1. e4 e6 2. d4 d5 3. Nc3 Bb4 4. e5 c5 5. a3 Bxc3+ 6. bxc3 Ne7 7. Qg4 O-O 8. Bd3
Nbc6 9. Qh5 Ng6 10. Nf3 Qc7 11. Be3 c4 12. Bxg6 fxg6 13. Qg4 Qf7 14. Ng5 Qe8
15. h4 h6 16. Nh3 Ne7 17. Qe2 b5 18. g4 a5 19. h5 g5 20. f4 gxf4 21. Bxf4 Bd7
22. Kd2 Kh7 23. Rag1 b4 24. g5 bxc3+ 25. Kxc3 Nf5 26. Bc1 Ba4 27. Nf4 Qc6 28.
gxh6 gxh6 29. Rg6 Rfe8 30. Rhg1 Qb6 31. Qf2 Rab8 32. Nxd5 Qb1 33. Rxh6+ Nxh6
34. Nf6+ Kh8 35. Ne4 Rb3+ 36. Kd2 Rd3+ 37. Ke1 Qxc1+ 38. Ke2 Qxc2+ 39. Kf1 Rd1+
40. Kg2 Qxe4+ 0-1

[Event "USA ch 2008 femenino"]
[Site "Tulsa USA"]
[Date "2008.05.16"]
[Round "4.5"]
[White "Zatonskih, Anna"]
[Black "Rohonyan, Katerina"]
[Result "1-0"]
[WhiteElo "2458"]
[BlackElo "2309"]
[PlyCount "147"]
[EventDate "2008.05.13"]
[EventType "tourn"]
[EventRounds "9"]
[EventCountry "USA"]
[Source "lmi"]
[SourceDate "2008.05.13"]

1. d4 d5 2. c4 e6 3. Nf3 c5 4. cxd5 exd5 5. Nc3 Nc6 6. g3 Nf6 7. Bg2 Be7 8. O-O
O-O 9. dxc5 Bxc5 10. Na4 Be7 11. Be3 Ne4 12. Rc1 Re8 13. Nd4 Bd7 14. Nc3 Nxd4
15. Bxd4 Bc6 16. Qd3 Bb4 17. Bxg7 Kxg7 18. Qd4+ Qf6 19. Qxb4 a5 20. Qb6 Nxc3
21. bxc3 Rxe2 22. a3 a4 23. Qb4 Rae8 24. Rcd1 R8e5 25. h4 h5 26. Qc5 Qf5 27.
Qd4 Qg4 28. Rd3 Qxd4 29. cxd4 Re7 30. Bf3 Rb2 31. Rc1 Bb5 32. Rdc3 Bc4 33. Bxh5
b5 34. Rd1 Bb3 35. Rdd3 b4 36. axb4 a3 37. Rxb3 a2 38. Ra3 Re1+ 39. Kg2 a1=Q
40. Rxa1 Rxa1 41. Rf3 Ra7 42. Rf5 Rd7 43. Bg4 Rd6 44. Bf3 Rxb4 45. Bxd5 Rf6 46.
Rg5+ Kh6 47. f3 Rxd4 48. Be4 Rb4 49. Re5 Rb2+ 50. Kh3 Rf2 51. Kg4 Rf1 52. Ra5
Rf2 53. Ra3 Rf1 54. Rc3 Rf2 55. Kh3 Kg7 56. g4 Rh6 57. Rc7 Rf1 58. h5 Kf6 59.
Kg3 Rg1+ 60. Kf4 Kg7 61. Kg5 Rd6 62. Bg6 Rd5+ 63. Kf4 Rd4+ 64. Kf5 Rd5+ 65. Ke4
Rgd1 66. Rxf7+ Kh6 67. Kf4 R5d4+ 68. Be4 Rd7 69. Rf6+ Kg7 70. Kg5 R1d6 71. h6+
Kg8 72. h7+ Kg7 73. Rf8 Rd5+ 74. Kf4 1-0

[Event "USA ch 2008 femenino"]
[Site "Tulsa USA"]
[Date "2008.05.17"]
[Round "5.1"]
[White "Rohonyan, Katerina"]
[Black "Jamison, Courtney"]
[Result "1-0"]
[WhiteElo "2309"]
[BlackElo "1979"]
[PlyCount "57"]
[EventDate "2008.05.13"]
[EventType "tourn"]
[EventRounds "9"]
[EventCountry "USA"]
[Source "lmi"]
[SourceDate "2008.05.13"]

1. e4 c5 2. Nf3 e6 3. d4 cxd4 4. Nxd4 a6 5. Bd3 Nc6 6. Nxc6 bxc6 7. O-O Qc7 8.
Qe2 Bd6 9. f4 Ne7 10. Nc3 Bb7 11. Be3 Qa5 12. a3 Bc5 13. b4 Bxe3+ 14. Qxe3 Qc7
15. Na4 d6 16. c4 O-O 17. e5 Rad8 18. Rad1 dxe5 19. fxe5 a5 20. Qc5 axb4 21.
axb4 Ra8 22. Nc3 Ng6 23. Bxg6 hxg6 24. Nb5 Qb8 25. Nd6 f6 26. Rf3 Ra4 27. exf6
gxf6 28. Qe3 Kg7 29. Qxe6 1-0

[Event "USA ch 2008 femenino"]
[Site "Tulsa USA"]
[Date "2008.05.17"]
[Round "5.2"]
[White "Abrahamyan, Tatev"]
[Black "Zatonskih, Anna"]
[Result "0-1"]
[WhiteElo "2239"]
[BlackElo "2458"]
[PlyCount "82"]
[EventDate "2008.05.13"]
[EventType "tourn"]
[EventRounds "9"]
[EventCountry "USA"]
[Source "lmi"]
[SourceDate "2008.05.13"]

1. e4 e6 2. d4 d5 3. e5 c5 4. c3 Nc6 5. Nf3 Bd7 6. Be2 Rc8 7. a3 c4 8. O-O Na5
9. Nbd2 Bc6 10. g3 Qd7 11. Nh4 Ba4 12. Qe1 Ne7 13. f4 h5 14. h3 Kd8 15. g4 hxg4
16. hxg4 Kc7 17. Qg3 Kb8 18. Ndf3 Ka8 19. Be3 Bc2 20. Rac1 Bh7 21. Ng5 Bg8 22.
f5 exf5 23. gxf5 f6 24. e6 Qe8 25. Nh3 Bh7 26. Bg4 Rd8 27. Nf4 g5 28. fxg6 Bxg6
29. Rce1 Be4 30. Nfg2 Bg7 31. Bf3 Bxf3 32. Rxf3 Rg8 33. Bf4 Nac6 34. Bc7 Rc8
35. Bd6 Qh5 36. Qf2 Rh8 37. Rg3 Qh7 38. Qf4 Bh6 39. Qf3 Bg5 40. Rh3 Rcg8 41.
Kh2 Bxh4 0-1